8 donne e un mistero /

Đã lưu trong:
Chi tiết về thư mục
Tác giả chính: Levy, Krishna (Nhà soạn nhạc)
Tác giả khác: Ozon, François (Giám đốc), Deneuve, Catherine (Diễn viên), Huppert, Isabelle (Diễn viên), Béart, Emmanuelle (Diễn viên), Ardant, Fanny (Diễn viên), Darrieux, Danielle (Diễn viên), Sagnier, Ludivine (Diễn viên), Ledoyen, Virginie (Diễn viên), Thomas, Robert, (1927-1989)
Định dạng: Slide
Ngôn ngữ:Tiếng Italy
Được phát hành: [Roma! : BIM distribuzione, ©2006
Các nhãn: Thêm thẻ
Không có thẻ, Là người đầu tiên thẻ bản ghi này!

MARC

LEADER 00000ngm a22000007i 4500
001 IT\ICCU\LO1\1050314
003 ItRI
005 20260124182900.0
008 060404s2006 it |||||||||||||||k|||||c
028 4 2 |a 23631DS 
040 |b ita 
041 7 |a ita  |2 ISO-639-2 
130 0 |a 8 femmes <film ; 2002>  |3 IT\ICCU\LO1\1211116 
245 0 0 |a 8 donne e un mistero /  |c un film di François Ozon ; tratto dalla commedia di Robert Thomas ; musiche originali di Krishna Levy. 
246 1 3 |a 8 donne e un mistero <risorsa elettronica>  |9 IT\ICCU\RAV\1140679 
246 1 3 |a Otto donne e un mistero.  |9 IT\ICCU\UBO\2175861 
260 |a [Roma! :  |b BIM distribuzione,  |c ©2006 
300 |a 1 DVD (103 min.) :  |b color., sonoro (Dolby digital 5.1); in contenitore, 19 cm 
500 |a Formato video: 1.85:1 16/9 anamorfico 
500 |a Descrizione basata sul contenitore 
500 |a Ripr. del film del 2002; interpreti: Catherine Deneuve, Virginie Ledoyen, Isabelle Huppert, Firmine Richard, Emmanuelle Béart, Fanny Ardant, Ludivine Sagnier, Danielle Darrieux 
500 |a Lingue: italiano, francese; sottotitoli in italiano. 
700 1 |a Ozon, François  |0 IT\ICCU\MILV\258665  |4 drt 
700 1 |a Deneuve, Catherine  |0 IT\ICCU\RAVV\088419  |4 act 
700 1 |a Huppert, Isabelle  |0 IT\ICCU\RAVV\088901  |4 act 
700 1 |a Béart, Emmanuelle  |0 IT\ICCU\RAVV\092708  |4 act 
700 1 |a Ardant, Fanny  |0 IT\ICCU\RAVV\096849  |4 act 
700 1 |a Darrieux, Danielle  |0 IT\ICCU\RAVV\359529  |4 act 
700 1 |a Sagnier, Ludivine  |0 IT\ICCU\RAVV\359530  |4 act 
700 1 |a Ledoyen, Virginie  |0 IT\ICCU\TO0V\385882  |4 act 
700 1 |a Levy, Krishna  |0 IT\ICCU\UBOV\715090  |4 cmp 
700 1 |a Thomas, Robert,  |d  (1927-1989)  |0 IT\ICCU\UBOV\783288 
942 |2 ddc  |c VM  |n 0 
952 |0 0  |1 0  |4 0  |6 VO_1396_000000000000000  |7 0  |9 27499  |a BO  |b BO  |d 2026-01-24  |i 10864  |l 0  |o VO 1396  |p BO10864  |r 2026-01-24 18:29:00  |w 2026-01-24  |x [Sebina 5] [1 dvd]  |y VM  |z 1 dvd 
999 |c 23293  |d 23293